|
|
|
|
| LEADER |
03231nam a2200457 a 4500 |
| 001 |
0002612 |
| 003 |
BD-DhAAL |
| 008 |
090803s1998pk a 001 0aeng d |
| 010 |
|
|
|a 2001270050
|
| 020 |
|
|
|a 9840514679
|
| 020 |
|
|
|a 9789840514670
|
| 040 |
|
|
|a UKM
|c UKM
|d DLC
|d BD-DhAAL
|
| 082 |
0 |
0 |
|a 332.12092
|2 21
|
| 100 |
1 |
|
|a Yunus, Muhammad,
|d 1940-
|9 26310
|
| 245 |
1 |
0 |
|a Banker to the poor :
|b the autobiography of Muhammad Yunus, founder of the Grameen Bank /
|c Muhammad Yunus, Alan Jolis.
|
| 260 |
|
|
|a Karachi ;
|a New York :
|b Oxford University Press ;
|a Dhaka :
|b University Press Limited.,
|c c1998.
|
| 300 |
|
|
|a xviii, 313 pages, [8] page of plates :
|b illustratios, ports. ;
|c 24 cm
|
| 500 |
|
|
|a Originally published: s.l.: J.C. Lattès, 1997.
|
| 500 |
|
|
|a Includes index.
|
| 526 |
|
|
|a GenEd
|
| 541 |
1 |
|
|a Donated By Akbar Ali Khan, Development Book Agency, Donated by Farhana Zahir (Assistant Professor)
|e 2612, 6990, 38731, 41505, 44322
|
| 600 |
1 |
0 |
|a Yunus, Muhammad,
|d 1940-
|9 26310
|
| 610 |
1 |
0 |
|a Grameen Bank
|x History.
|9 26311
|
| 650 |
|
0 |
|a Bankers
|z Bangladesh
|v Biography.
|9 26312
|
| 650 |
|
0 |
|a Social reformers
|z Bangladesh
|v Biography.
|9 26313
|
| 650 |
|
0 |
|a Banks and banking.
|9 49754
|
| 650 |
|
0 |
|a Microfinance
|z Bangladesh
|x History.
|9 26314
|
| 650 |
|
0 |
|a Rural poor
|z Bangladesh
|x History.
|9 26315
|
| 700 |
1 |
|
|a Jolis, Alan.
|9 26316
|
| 852 |
4 |
|
|a Ayesha Abed Library
|c General Stacks
|
| 942 |
|
|
|2 ddc
|c BK
|
| 999 |
|
|
|c 3243
|d 3243
|
| 952 |
|
|
|0 0
|1 0
|2 ddc
|4 0
|6 332_120920000000000_YUN
|7 0
|9 2937
|a BRACUL
|b BRACUL
|c GEN
|d 2009-08-31
|g 480.00
|l 2
|m 7
|o 332.12092 YUN
|p 3010006990
|r 2015-02-06
|s 2014-12-06
|t 3
|v 960.00
|w 2009-08-31
|y BK
|
| 952 |
|
|
|0 0
|1 0
|2 ddc
|4 0
|6 332_120920000000000_YUN
|7 0
|9 16321
|a BRACUL
|b BRACUL
|c GEN
|d 2011-05-09
|l 3
|m 2
|o 332.12092 YUN
|p 3010007105
|r 2024-11-30
|s 2024-11-18
|t 4
|w 2011-05-09
|y BK
|
| 952 |
|
|
|0 0
|1 0
|2 ddc
|4 0
|6 332_120920000000000_YUN
|7 0
|9 20867
|a IGS
|b IGS
|c GEN
|d 2012-07-31
|e University Press Limited
|g 480.00
|l 1
|m 2
|o 332.12092 YUN
|p 3010025688
|r 2014-06-10
|s 2013-02-18
|t 5
|w 2012-07-31
|y BK
|
| 952 |
|
|
|0 0
|1 0
|2 ddc
|4 0
|6 332_120920000000000_YUN
|7 0
|9 53502
|a SCL
|b SCL
|c GEN
|d 2015-04-19
|g 480.00
|l 0
|o 332.12092 YUN
|p 3020002612
|r 2015-04-19
|t 1
|w 2015-04-19
|y BK
|
| 952 |
|
|
|0 0
|1 0
|2 ddc
|4 0
|6 332_120920000000000_YUN
|7 0
|9 53575
|a SCL
|b SCL
|c GEN
|d 2015-04-27
|g 480.00
|l 0
|o 332.12092 YUN
|p 3020004497
|r 2015-04-27
|t 2
|w 2015-04-27
|y BK
|
| 952 |
|
|
|0 0
|1 0
|2 ddc
|4 0
|6 332_120920000000000_YUN
|7 0
|9 71118
|a BRACUL
|b BRACUL
|c AAKC
|d 2022-06-27
|e Donated by Akbar Ali Khan
|l 0
|o 332.12092 YUN
|p 3010038731
|r 2022-06-27
|t 6
|w 2022-06-27
|y BK
|x Donated by Akbar Ali Khan
|
| 952 |
|
|
|0 0
|1 0
|2 ddc
|4 0
|6 332_120920000000000_YUN
|7 0
|9 73934
|a SCL
|b SCL
|c GEN
|d 2023-07-12
|e Development Book Agency
|g 886.00
|l 0
|o 332.12092 YUN
|p 3020041505
|r 2023-07-12
|t 7
|v 886.00
|w 2023-07-12
|y BK
|
| 952 |
|
|
|0 0
|1 0
|2 ddc
|4 0
|6 332_120920000000000_YUN
|7 0
|9 73935
|a SCL
|b SCL
|c GEN
|d 2023-07-12
|e Development Book Agency
|g 886.00
|l 0
|o 332.12092 YUN
|p 3020041506
|r 2023-07-12
|t 8
|v 886.00
|w 2023-07-12
|y BK
|
| 952 |
|
|
|0 0
|1 0
|2 ddc
|4 0
|6 332_120920000000000_YUN
|7 0
|9 77600
|a BRACUL
|b BRACUL
|c GEN
|d 2025-04-21
|e Donated by Farhana Zahir, Assistant Professor, BRAC Business School
|g 480.00
|l 1
|o 332.12092 YUN
|p 3010044322
|q 2026-06-02
|r 2026-05-19
|s 2026-05-19
|t 9
|w 2025-04-21
|y BK
|x Donated by Farhana Zahir, Assistant Professor, BRAC Business School
|